000 00476nam a2200145Ia 4500
008 090124s9999 xx 000 0 und d
082 _b133510
_a102182
245 _a प्रेम कोणीही करीना
250 _a1
260 _bभारद्वाज मंदाकिनी
_c2005
300 _a208
630 _a प्रेम कोणीही करीना
730 _a प्रेम कोणीही करीना
942 _cBOOK
999 _c179745
_d179745